| 000 | 00403nam a22001455i 4500 | ||
|---|---|---|---|
| 001 | 171366 | ||
| 003 | ES-MaACL | ||
| 005 | 20230906214620.0 | ||
| 008 | 090513s1912 xxk |||| | eng d | ||
| 100 | 1 |
_aSoddy, Frederick. _9140093 |
|
| 245 | 1 | 0 |
_aMatter and energy / _cby Frederick Soddy. |
| 260 |
_aLondon : _bWilliams and Norgate, _c1912. |
||
| 300 |
_a256 p. ; _c17 cm. |
||
| 852 |
_aES-MaACL _jC-3111 |
||
| 999 |
_c171366 _d171366 |
||